000
00335 a2200157 4500
001
193193
020
_a
978-85-8184-137-3
040
_c
Magnum
100
_a
Wagner, Anke
240
1
0
_a
O namorado da mamãe
_l
por
245
1
0
_a
O namorado da mamãe
300
_a
29
362
0
_a
2018
697
_a
LITERATURA INFANTO
942
_c
BK
999
_c
193193
_d
193193